000 00846nac a22003130a 4500
001 PT52477
003 AR-LpoUNG
005 20210201005518.0
008 201001s2014||||ag |||||||||||||||||spa d
020 _a9789507321542
_c$12
040 _aAR-LpoUNG
_bspa
_eaacr
041 _aspa
044 _aag
082 0 _a808.068 3 591v3
100 1 _aClare, Cassandra
245 1 0 _aCiudad de cristal
250 _a8va. ed.
260 _aBuenos Aires :
_bDestino,
_c2014.
300 _a534 p. :
_bmapas
_a(5
_fVolúmenes)
_3Impreso
490 0 _aCazadores de sombras
505 0 _aSugerido a partir de 14 años (etiqueta VERDE)
650 4 _aLITERATURA
650 4 _aNOVELAS
651 4 _aDOCUMENTOS TEORICOS O METODOLOGICOS
653 _aLITERATURA INFANTOJUVENIL
700 1 _aGallart, Gemma
_etr.
905 _a52477
942 _cLIB
999 _c49990
_d49990